Southville International School and Colleges
Your cart is empty.
  • Cart
  • Lists
    Public lists list_1 View all
    Your lists Log in to create your own lists
  • Log in to your account
  • Your cookies
  • Search history
Southville International School and Colleges
  • Advanced search
  • Recent comments
  • Most popular
  • Libraries

Log in to your account

Log in with GOOGLE


If you do not have an external account, but do have a local account, you can still log in:

  1. Home
  2. MARC view: Five little monkeys jumping on the bed /
Normal view MARC view ISBD view

Five little monkeys jumping on the bed / (Record no. 104295)

[ view plain ]
MARC details
000 -LEADER
fixed length control field 00644nam a2200193 a 4500
005 - DATE AND TIME OF LATEST TRANSACTION
control field 20140412111318.0
008 - FIXED-LENGTH DATA ELEMENTS--GENERAL INFORMATION
fixed length control field 000825s19uu xx 00 eng d
020 ## - INTERNATIONAL STANDARD BOOK NUMBER
International Standard Book Number 0-395-55701-1
050 ## - LIBRARY OF CONGRESS CALL NUMBER
Classification number TR(PS E
Item number Fi44 1989
100 ## - MAIN ENTRY--PERSONAL NAME
Personal name Christelow, Eileen
245 ## - TITLE STATEMENT
Title Five little monkeys jumping on the bed /
Statement of responsibility, etc retold and illustrated by Eileen Christelow.
260 ## - PUBLICATION, DISTRIBUTION, ETC. (IMPRINT)
Place of publication, distribution, etc New York :
Name of publisher, distributor, etc Clarion Books,
Date of publication, distribution, etc 1989.
300 ## - PHYSICAL DESCRIPTION
Extent 32 p. ; ill.
520 ## - SUMMARY, ETC.
Summary, etc A counting book in which one by one little monkey jump on the bed only to fall off and bump their heads.
650 ## - SUBJECT ADDED ENTRY--TOPICAL TERM
Topical term or geographic name as entry element Monkeys-Fiction
650 ## - SUBJECT ADDED ENTRY--TOPICAL TERM
Topical term or geographic name as entry element Counting
Holdings
Withdrawn status Lost status Damaged status Home library Current library Shelving location Date acquired Source of acquisition Total Checkouts Full call number Barcode Date last seen Price effective from Koha item type Use restrictions
      Elizalde Library Elizalde Library Teachers Reference Section 08/25/2000     TR(PS E Fi44 1989 E7312 04/12/2014 04/12/2014 Books  
      Elizalde Library Elizalde Library Teachers Reference Section 02/25/2009     TR(PS E Fi44 1989 E11511 04/12/2014 04/12/2014 Books  

Five little monkeys jumping on the bed /

APA

Christelow E., . (1989). Five little monkeys jumping on the bed. New York: Clarion Books.

Chicago

Christelow Eileen, . 1989. Five little monkeys jumping on the bed. New York: Clarion Books.

Harvard

Christelow E., . (1989). Five little monkeys jumping on the bed. New York: Clarion Books.

MLA

Christelow Eileen, . Five little monkeys jumping on the bed. New York: Clarion Books. 1989.

  • Place hold
  • Print
  • Cite
  • Add to your cart (remove)
  • Save record
    BIBTEX Dublin Core MARCXML MARC (non-Unicode/MARC-8) MARC (Unicode/UTF-8) MARC (Unicode/UTF-8, Standard) MODS (XML) RIS
  • More searches
    Search for this title in:
    Other Libraries (WorldCat) Other Databases (Google Scholar) Online Stores (Bookfinder.com) Open Library (openlibrary.org)

Exporting to Dublin Core...

SOUTHVILLE LIBRARY

Southville International School and Colleges Library

1281 Tropical Ave. Cor. Luxembourg St., BF Homes International, Las Pinas City

Tel. No. 8256374 / 252358 Loc. 117/146

Powered by Koha